Introduction to Asean librarianship : academic libraries
| Other Authors: | |
|---|---|
| Format: | Book |
| Published: |
Jakarta :
Asean Comittee on culture & Information ,
1993
|
| Subjects: |
MARC
| LEADER | 00000cam a2200000 7i4500 | ||
|---|---|---|---|
| 001 | 0000000136 | ||
| 005 | 20050503.0 | ||
| 020 | |a 9718766014 | ||
| 040 | |a INS | ||
| 090 | 0 | 0 | |a Z675.U5 |b I5 1993 |
| 245 | 1 | 0 | |a Introduction to Asean librarianship : |b academic libraries |c edited by Corazon M. Nera |
| 260 | |a Jakarta : |b Asean Comittee on culture & Information , |c 1993 | ||
| 300 | |a 130p ; |c 20 cm. | ||
| 650 | 0 | 0 | |a Libraries, universities and colleges |z Asean |
| 700 | 1 | |a Nera, Corazon M. | |
| 999 | |a 0000005799 |b BOOK |c Open Shelf |e Default branch | ||